Normal view
MARC view
Entry Personal Name
001 - CONTROL NUMBER
- control field: 14839
003 - CONTROL NUMBER IDENTIFIER
- control field: OSt
005 - DATE AND TIME OF LATEST TRANSACTION
- control field: 20210910110959.0
008 - FIXED-LENGTH DATA ELEMENTS
- fixed length control field: 210910|| aca||aabn | a|a d
040 ## - CATALOGING SOURCE
- Original cataloging agency: OSt
- Transcribing agency: OSt
100 ## - HEADING--PERSONAL NAME
- Personal name: Tomlinson, P. B.
- Fuller form of name: (Philip Barry),
- Dates associated with a name: 1932-
670 ## - SOURCE DATA FOUND
- Source citation: Work cat.: (OSt)0: Tomlinson, P. B. (Philip Barry), 1932-, The anatomy of palms :, 2011.
